000 00761nam a2200241Ia 4500
003 OSt
005 20220925205759.0
006 a|||||r|||| 00| 0
007 ta
008 220923b |||||||| |||| 00| 0 eng d
037 _cGeneral Book
040 _aRTL
_cRTL
_beng
041 _2eng
_aeng
082 _aQ1, L5
100 _aVishva Bandhu
245 0 _aVedic textuo linguistic studies
_b A collection of p
260 _aHoshiarpur
_bVishveshvaranand Vedic Research Institute India
_c1975
300 _axxxii, 248p
_ccm.
490 _aVishveshvaranand Vedic Research Institute publicaiton 579. Vishveshvaranand Indological series 54
650 _aReligion
942 _hQ1, L5
_cGB
_2CC
999 _c553174
_d553174